Carregando...
Albiroony kanda India /
| Autor principal: | |
|---|---|
| Formato: | Printed Book |
| Idioma: | Malayalam |
| Publicado em: |
Sahitya Academy ,
1970.
|
| LEADER | 00468nam a2200145Ia 4500 | ||
|---|---|---|---|
| 008 | 150624b xxu||||| |||| 00| | mal d | ||
| 082 | |a 915.4 | ||
| 100 | |a Albiroony | ||
| 245 | |c Albiroony |a Albiroony kanda India / | ||
| 260 | |b Sahitya Academy , |c 1970. | ||
| 300 | |a 483 p. | ||
| 546 | |a In Malayalam. | ||
| 942 | |c BK | ||
| 999 | |c 71665 |d 71665 | ||
| 952 | |0 0 |1 0 |4 0 |6 915_400000000000000_ALB_A |7 0 |9 71629 |a UL |b UL |c ST1 |d 1998-08-28 |l 2 |o 915.4 ALB/A |p 1645 |r 2021-01-18 |s 2020-01-10 |w 2012-10-27 |y BK | ||